000 00469nam a22001577a 4500
005 20260424113345.0
008 260424b |||||||| |||| 00| 0 eng d
037 _cDSWL
040 _aDSWL
_cDSWL
245 _aAmbedkar on Law, Constitution and Social Justice
260 _aJaipur,
_bRawat Publication,
_c2017
300 _a403p
365 _aINR
_b995
942 _2CC
_cTEXL
_n0
999 _c1848499
_d1848499